[Event "Ì11Â"]
[Site "Loo"]
[Date "2017.04.22"]
[Round "3.24"]
[White "Æèðêîâ, Âëàäèñëàâ."]
[Black "Äðîçäîâ, Ìàêñèì."]
[Result "1-0"]
[WhiteElo "1485"]
[BlackElo "1385"]
[PlyCount "143"]
[EventDate "2017.04.20"]

1. e4 b6 2. d4 Bb7 3. Nc3 e6 4. Nf3 Bb4 5. Bd3 Nf6 6. Bg5 h6 7. Bxf6 Qxf6 8.
O-O O-O 9. Ne2 Qd8 10. c3 Be7 11. Ng3 d6 12. Qe2 c5 13. Nd2 Qc7 14. f4 Nd7 15.
e5 d5 16. f5 c4 17. Bc2 Bg5 18. Nf3 Qd8 19. Ba4 Be7 20. Kh1 a6 21. Ng1 b5 22.
Bc2 Bh4 23. Qg4 Qg5 24. Qh3 Bxg3 25. hxg3 exf5 26. Bxf5 Nb6 27. Nf3 Qe7 28. g4
Bc8 29. Bxc8 Raxc8 30. Qh5 Rc6 31. Nh4 Qd7 32. Qf5 g6 33. Qxd7 Nxd7 34. Rf2 a5
35. a3 Nb6 36. Raf1 Nd7 37. Kh2 Kg7 38. g3 Re6 39. Ng2 Rb6 40. Nf4 Rc6 41. Nxd5
Nb6 42. Nxb6 Rxb6 43. Rf6 Re6 44. Kg2 Rxf6 45. Rxf6 Rb8 46. Rc6 Kf8 47. Kf3 Ke7
48. Ke4 Kd7 49. Kd5 b4 50. axb4 axb4 51. Rd6+ Ke7 52. Kxc4 bxc3 53. bxc3 Rb2
54. Rf6 Rg2 55. Rf3 Ra2 56. Kd5 Ra5+ 57. Ke4 Ra1 58. c4 Rc1 59. Kd5 Ra1 60. c5
Ra6 61. Ke4 Rc6 62. Rc3 Ra6 63. c6 Kd8 64. Rf3 Rxc6 65. Rxf7 Ke8 66. Rf6 Rc3
67. Rxg6 Rxg3 68. d5 Rg1 69. d6 Re1+ 70. Kd5 Kf7 71. Rf6+ Ke8 72. Ke6 1-0

[Event "Ì11Â"]
[Site "Loo"]
[Date "2017.04.22"]
[Round "3.25"]
[White "Åðìàêîâ, Ìàêñèì."]
[Black "Ïîíîìàðåâ, Âñåâîëîä."]
[Result "0-1"]
[WhiteElo "1429"]
[BlackElo "1343"]
[PlyCount "166"]
[EventDate "2017.04.20"]

1. d4 d5 2. Nf3 Nf6 3. e3 e6 4. Bd3 c5 5. b3 Nc6 6. a3 Be7 7. Bb2 O-O 8. Nbd2
Qc7 9. O-O b6 10. Ne5 Bb7 11. f4 Rac8 12. Qe1 a6 13. c4 Rfd8 14. Ndf3 Na5 15.
Qd1 h6 16. Rc1 Qd6 17. Bc3 Nc6 18. Nxc6 Qxc6 19. Bb2 dxc4 20. Rxc4 b5 21. Rc2
Qd5 22. Rc3 c4 23. bxc4 bxc4 24. Bb1 a5 25. Qa4 Ba6 26. Ne5 Nd7 27. Qc2 f5 28.
Nxd7 Rxd7 29. Qf2 Rdc7 30. Rfc1 Bf6 31. Rd1 Bb5 32. Rdc1 Be7 33. Ba2 g5 34.
fxg5 hxg5 35. Qg3 Kf7 36. Qf2 Rh8 37. Re1 Bf6 38. Rcc1 Qd6 39. Qg3 Qxg3 40.
hxg3 Ke8 41. Bc3 a4 42. Rb1 Ba6 43. Rb4 Kd7 44. Rxa4 Bb5 45. Rb4 Ba6 46. Rb6
Ra8 47. Reb1 Bc8 48. Bb4 Be7 49. Rb2 Bxb4 50. axb4 Ke7 51. Rc2 c3 52. b5 Rxa2
53. Rxa2 c2 54. Rxc2 Rxc2 55. Rb8 Bd7 56. b6 Rb2 57. Rg8 g4 58. Rg7+ Kd6 59.
Rg8 Rxb6 60. Ra8 Kd5 61. Rd8 Rd6 62. Ra8 Ke4 63. Kf2 Rb6 64. Ra2 Rb3 65. Re2
Bb5 66. Ra2 Rxe3 67. Ra5 Rb3 68. Ra8 Kxd4 69. Rd8+ Ke4 70. Rd2 e5 71. Rc2 Bd3
72. Rd2 Rc3 73. Kg1 Ke3 74. Rd1 Rb3 75. Kh2 Kf2 76. Rd2+ Be2 77. Ra2 Rb8 78.
Rxe2+ Kxe2 79. Kg1 f4 80. gxf4 exf4 81. g3 f3 82. Kh1 Kf2 83. Kh2 Rh8# 0-1

[Event "Ì11Ï"]
[Site "Loo"]
[Date "2017.04.22"]
[Round "3.1"]
[White "Øóøóíîâ, Àëåêñåé."]
[Black "Õàðêåâè÷, Ñòåïàí."]
[Result "0-1"]
[WhiteElo "1394"]
[BlackElo "1807"]
[PlyCount "52"]
[EventDate "2017.04.20"]

1. d4 Nf6 2. c4 g6 3. Nc3 d5 4. cxd5 Nxd5 5. Bd2 Nxc3 6. Bxc3 Bg7 7. g3 O-O 8.
Bg2 c5 9. d5 Nd7 10. Bxg7 Kxg7 11. e4 f5 12. exf5 Rxf5 13. Ne2 Nb6 14. Nc3 Re5+
15. Kf1 Rf5 16. f3 Nxd5 17. Kf2 e6 18. f4 Qb6 19. Na4 Qb5 20. Be4 Rf7 21. b3
Nf6 22. Bb1 e5 23. f5 Bxf5 24. Bxf5 gxf5 25. Qc2 Rd8 26. Nxc5 Qxc5+ 0-1

[Event "Ì11Ï"]
[Site "Loo"]
[Date "2017.04.22"]
[Round "3.2"]
[White "×ûíäûãûð, Òàìåðëàí."]
[Black "Êóëàêîâ, Òèìîôåé."]
[Result "1-0"]
[WhiteElo "1720"]
[BlackElo "1392"]
[PlyCount "103"]
[EventDate "2017.04.20"]

1. d4 e6 2. c4 Nf6 3. Nc3 Bb4 4. Qc2 O-O 5. a3 Bxc3+ 6. Qxc3 b6 7. Nf3 Bb7 8.
g3 Ne4 9. Qc2 d5 10. Bg2 Nd7 11. O-O c5 12. b3 Rc8 13. Bb2 Nef6 14. e3 cxd4 15.
exd4 dxc4 16. bxc4 Ba6 17. Nd2 Bxc4 18. Nxc4 b5 19. Rac1 Rxc4 20. Qb3 Rxc1 21.
Rxc1 Qb8 22. Bf1 a6 23. Rc6 Nb6 24. a4 Nxa4 25. Rxa6 Nxb2 26. Qxb2 b4 27. Ra4
Nd5 28. Bc4 Qc7 29. Bxd5 exd5 30. Rxb4 Re8 31. Rb5 Qe7 32. Qd2 Qe4 33. Qe3 Qxe3
34. fxe3 Rd8 35. Kf2 f5 36. Kf3 g5 37. g4 fxg4+ 38. Kxg4 h6 39. Rb6 Kg7 40. Kh5
Re8 41. Rxh6 Rxe3 42. Kxg5 Re4 43. Rh4 Re2 44. Kf5 Re8 45. Rh5 Re3 46. Rg5+ Kh7
47. h4 Rh3 48. Rh5+ Kg7 49. Ke5 Kg6 50. Rg5+ Kh6 51. Rg8 Kh7 52. Rg4 1-0

[Event "Ì11Ï"]
[Site "Loo"]
[Date "2017.04.22"]
[Round "3.3"]
[White "Ìî÷àëîâ, Äìèòðèé."]
[Black "Îñèïåíêî, Èâàí."]
[Result "0-1"]
[WhiteElo "1657"]
[BlackElo "1390"]
[PlyCount "70"]
[EventDate "2017.04.20"]

1. e4 c5 2. Nf3 d6 3. d4 cxd4 4. Nxd4 Nf6 5. Nc3 g6 6. Be3 Bg7 7. f3 Nc6 8. Bc4
Bd7 9. Qd2 Rc8 10. Bb3 Na5 11. O-O-O Nxb3+ 12. Nxb3 b5 13. Kb1 a5 14. g4 a4 15.
Nd4 b4 16. Nce2 e5 17. Qxb4 exd4 18. Bxd4 O-O 19. Qxd6 Be6 20. Qa3 Qa5 21. Nc3
Rc4 22. h4 Rb8 23. Ka1 Bf8 24. Nd5 Bxa3 25. Nxf6+ Kf8 26. Nxh7+ Ke7 27. Bf6+
Ke8 28. bxa3 Rxc2 29. Rd5 Bxd5 30. exd5 Qxd5 31. Re1+ Kd7 32. Nf8+ Rxf8 33.
Re7+ Kd6 34. Be5+ Kxe7 35. Bd6+ Kd7 0-1

[Event "Ì11Ï"]
[Site "Loo"]
[Date "2017.04.22"]
[Round "3.4"]
[White "Ãðèùåíêî, Àðò¸ì."]
[Black "ßóðîâ, Åãîð."]
[Result "0-1"]
[WhiteElo "1384"]
[BlackElo "1587"]
[PlyCount "74"]
[EventDate "2017.04.20"]

1. e4 c6 2. d4 d5 3. Nc3 dxe4 4. Nxe4 Nf6 5. Nxf6+ exf6 6. Nf3 Bd6 7. c3 O-O 8.
Be2 Re8 9. O-O Bg4 10. h3 Bh5 11. Re1 Nd7 12. Bd2 Qc7 13. Nh4 Bxe2 14. Rxe2 g6
15. Qe1 Rxe2 16. Qxe2 c5 17. dxc5 Bxc5 18. Nf3 f5 19. Be3 Re8 20. Qc4 Rxe3 21.
Qb3 Re2 22. Kh1 Rxf2 23. Re1 Rxf3 24. Re8+ Kg7 25. Qc4 Qd6 26. Qe2 Rf2 27. Qe1
Qg3 28. Qg1 Bd6 29. Re1 f4 30. Rd1 Bb8 31. Qh2 Qxh2+ 32. Kxh2 f3+ 33. Kg1 Rxg2+
34. Kf1 Nc5 35. b4 Ne4 36. a4 Ng3+ 37. Ke1 Re2# 0-1

[Event "Ì11Ï"]
[Site "Loo"]
[Date "2017.04.22"]
[Round "3.5"]
[White "Êè÷èí, Àëåêñàíäð."]
[Black "Çàêèðîâ, Ìóñà."]
[Result "1-0"]
[WhiteElo "1576"]
[BlackElo "1380"]
[PlyCount "85"]
[EventDate "2017.04.20"]

1. e4 e6 2. d4 d5 3. Nd2 Nf6 4. e5 Nfd7 5. Bd3 c5 6. c3 Nc6 7. Ne2 cxd4 8. cxd4
f6 9. exf6 Nxf6 10. O-O Bd6 11. Nf3 O-O 12. Re1 e5 13. dxe5 Nxe5 14. Nxe5 Bxe5
15. Nf4 Ng4 16. g3 Qd6 17. Qc2 g6 18. h3 Nf6 19. Bxg6 hxg6 20. Qxg6+ Kh8 21.
Qh6+ Kg8 22. Ng6 Re8 23. Rxe5 Rxe5 24. Bf4 Nd7 25. Bxe5 Nxe5 26. Qh8+ Kf7 27.
Nxe5+ Ke7 28. Re1 Qe6 29. Ng6+ Kf7 30. Qf8+ Kxg6 31. Rxe6+ Bxe6 32. Qxa8 Bxh3
33. Qxb7 Be6 34. Qxa7 Kf5 35. b4 d4 36. b5 d3 37. Qc5+ Ke4 38. Qe3+ Kf5 39.
Qxd3+ Kg4 40. b6 Bc8 41. Qb5 Bb7 42. Qd7+ Kg5 43. Qxb7 1-0

[Event "Ì11Ï"]
[Site "Loo"]
[Date "2017.04.22"]
[Round "3.6"]
[White "Ïîòàïîâ, Äìèòðèé."]
[Black "Êðèâîâ, Íèêèòà."]
[Result "0-1"]
[WhiteElo "1383"]
[BlackElo "1573"]
[PlyCount "84"]
[EventDate "2017.04.20"]

1. e4 c6 2. d4 d5 3. Nc3 dxe4 4. Nxe4 Bf5 5. Ng3 Bg6 6. Bc4 e6 7. h4 h6 8. N1e2
Bd6 9. Nf4 Bxf4 10. Bxf4 Nf6 11. Qd2 Nd5 12. O-O-O Nd7 13. Bxd5 cxd5 14. Qb4
Rc8 15. Rd2 Nb6 16. b3 Qd7 17. Qd6 Qxd6 18. Bxd6 Kd7 19. Bc5 Rc6 20. a4 Rhc8
21. Nf1 Na8 22. Ne3 b6 23. Ba3 Rc3 24. Bb4 Rxb3 25. Bf8 Rxe3 26. fxe3 Rxf8 27.
g4 Nc7 28. Kb2 Ne8 29. h5 Be4 30. Rf1 Nd6 31. Re2 Ke7 32. Kb3 Rc8 33. Ref2 f6
34. Kb2 Nc4+ 35. Kb3 Nxe3 36. Re1 Nxc2 37. Rd1 Ne3 38. Re1 Nxg4 39. Rf4 f5 40.
Kb4 Rc4+ 41. Kb5 Bd3 42. Ka6 Rc7# 0-1

[Event "Ì11Ï"]
[Site "Loo"]
[Date "2017.04.22"]
[Round "3.7"]
[White "Êóçíåöîâ, Àëåêñàíäð."]
[Black "Ä¸ìèíîâ, Èëüÿ."]
[Result "0-1"]
[WhiteElo "1369"]
[BlackElo "1554"]
[PlyCount "64"]
[EventDate "2017.04.20"]

1. d4 Nf6 2. c4 e6 3. Nc3 d5 4. cxd5 exd5 5. Bg5 Nbd7 6. e3 c6 7. Qc2 Be7 8.
Bd3 O-O 9. Nge2 Nb6 10. Bxf6 Bxf6 11. Bxh7+ Kh8 12. Bd3 Qe7 13. h4 Re8 14. Bh7
g6 15. h5 Kxh7 16. hxg6+ Kg8 17. Rh7 Bg7 18. Nf4 fxg6 19. Qxg6 Bg4 20. f3 Qxe3+
21. Kf1 Re7 22. Nce2 Bd7 23. Rd1 Be8 24. Qc2 Bxd4 25. Nxd4 Rxh7 26. Nh3 Nc4 27.
Nf5 Bg6 28. Ne7+ Qxe7 29. Qxg6+ Rg7 30. Qd3 Ne3+ 31. Kg1 Rxg2+ 32. Kh1 Qh4 0-1

[Event "Ì11Ï"]
[Site "Loo"]
[Date "2017.04.22"]
[Round "3.8"]
[White "Áóíèí, Ñåðàôèì."]
[Black "Ìåðöàëîâ, Ðîìàí."]
[Result "1/2-1/2"]
[WhiteElo "1502"]
[BlackElo "1344"]
[PlyCount "95"]
[EventDate "2017.04.20"]

1. Nf3 d5 2. g3 Nc6 3. Bg2 e5 4. d3 h6 5. Nbd2 Nf6 6. O-O Be6 7. e4 Qd7 8. Re1
dxe4 9. Nxe4 O-O-O 10. Be3 Nxe4 11. dxe4 Qe7 12. Qc1 g5 13. c3 Qe8 14. Qc2 a6
15. Rad1 Bd6 16. b4 Bd7 17. Nd2 Ne7 18. Qb2 Rg8 19. Nc4 Bb5 20. Nxd6+ Rxd6 21.
Bc5 Rxd1 22. Rxd1 h5 23. Qd2 Ba4 24. Re1 h4 25. Bf1 Bc6 26. c4 b6 27. Bxe7 Qxe7
28. c5 b5 29. f3 hxg3 30. hxg3 Rd8 31. Qc2 Rd4 32. a3 Kb7 33. Rd1 Qd7 34. Be2
Rxd1+ 35. Qxd1 Qh3 36. g4 Qg3+ 37. Kf1 Qf4 38. Qd3 f6 39. Kf2 Qh2+ 40. Kf1 Qf4
41. Kf2 Qh2+ 42. Kf1 Qh3+ 43. Kf2 Qh2+ 44. Kf1 Qg3 45. Qd2 Qf4 46. Qxf4 exf4
47. Ke1 Bd7 48. Kd2 1/2-1/2

[Event "Ì11Ï"]
[Site "Loo"]
[Date "2017.04.22"]
[Round "3.9"]
[White "×óðêèí, Êîíñòàíòèí."]
[Black "Æåëàíîâ, Ñåìåí."]
[Result "0-1"]
[WhiteElo "1364"]
[BlackElo "1502"]
[PlyCount "95"]
[EventDate "2017.04.20"]

1. e4 e5 2. Bc4 Nc6 3. Nc3 Nf6 4. d3 Bc5 5. f4 d6 6. f5 O-O 7. Bg5 a6 8. Nd5
Kh8 9. Qd2 b5 10. Bb3 Nd4 11. Nxf6 gxf6 12. Bh4 Nxb3 13. axb3 Kg7 14. b4 Bxg1
15. Rxg1 Bb7 16. g4 h6 17. Bf2 d5 18. Be3 Rh8 19. exd5 Qxd5 20. h4 Rag8 21. b3
Qf3 22. Qf2 Qxf2+ 23. Kxf2 Re8 24. Bc5 e4 25. d4 Rd8 26. c4 Rhe8 27. Ke3 Ra8
28. d5 Rab8 29. Raf1 Re5 30. Rf4 bxc4 31. bxc4 Ree8 32. Rxe4 Rxe4+ 33. Kxe4
Re8+ 34. Kf4 Re2 35. Rc1 Bc8 36. Bd4 Rd2 37. Ba7 Rb2 38. Bb8 Rxb4 39. Bxc7 Rb3
40. d6 Bb7 41. Rf1 Bc6 42. g5 hxg5+ 43. hxg5 fxg5+ 44. Kxg5 Rb4 45. Rd1 f6+ 46.
Kh5 Rxc4 47. Rf1 Kh7 48. Re1 0-1

[Event "Ì11Ï"]
[Site "Loo"]
[Date "2017.04.22"]
[Round "3.10"]
[White "Áîëäûðåâ, Ãëåá."]
[Black "Ëåâ÷åíêî, Ëåîíèä."]
[Result "0-1"]
[WhiteElo "1500"]
[BlackElo "1343"]
[PlyCount "56"]
[EventDate "2017.04.20"]

1. e4 c5 2. Nf3 Nc6 3. d4 cxd4 4. Nxd4 Nf6 5. Nc3 e5 6. Ndb5 d6 7. Bg5 a6 8.
Na3 b5 9. Nd5 Qa5+ 10. Bd2 Qd8 11. Nxf6+ Qxf6 12. c3 Be7 13. Nc2 O-O 14. Bd3
Qg6 15. O-O Bg4 16. f3 Be6 17. Qe2 f5 18. Ne3 f4 19. Nc2 Rf6 20. c4 Qh5 21. Rf2
Rh6 22. h3 Bh4 23. Rff1 Rg6 24. Kh1 Bg3 25. cxb5 Bxh3 26. gxh3 Qxh3+ 27. Kg1
Bh4+ 28. Qg2 Rxg2# 0-1

[Event "Ì11Ï"]
[Site "Loo"]
[Date "2017.04.22"]
[Round "3.11"]
[White "Òðåôèëîâ, Âÿ÷åñëàâ."]
[Black "Ëåáçàê, ßðîñëàâ."]
[Result "0-1"]
[WhiteElo "1346"]
[BlackElo "1492"]
[PlyCount "80"]
[EventDate "2017.04.20"]

1. d4 d5 2. c4 e6 3. Nc3 c6 4. e3 Nf6 5. Nf3 Nbd7 6. Qc2 Bd6 7. Bd3 dxc4 8.
Bxc4 b5 9. Bd3 Bb7 10. O-O h6 11. Bd2 a6 12. Ne4 Be7 13. b4 Nd5 14. Nc5 Nxc5
15. bxc5 O-O 16. Ne5 Bf6 17. f4 Qc7 18. Ng4 Rad8 19. Bh7+ Kh8 20. Be4 Be7 21.
Ne5 Bf6 22. Rf3 Bxe5 23. fxe5 f5 24. Bxd5 Rxd5 25. a4 Qd8 26. axb5 axb5 27. Ra7
Qb8 28. Qa2 Rfd8 29. Qa5 R8d7 30. Qb6 Kg8 31. Rf1 Qc8 32. Rfa1 Kh7 33. Kf2 g5
34. Rf1 Rf7 35. Ke2 Rdd7 36. Qa5 Rfe7 37. Qa2 Qe8 38. Qc2 Qh5+ 39. Ke1 Qxh2 40.
g4 Qg3+ 0-1

[Event "Ì11Ï"]
[Site "Loo"]
[Date "2017.04.22"]
[Round "3.12"]
[White "Ãðèøèí, Ïåòð."]
[Black "Æîñàí, ßííèñ."]
[Result "1/2-1/2"]
[WhiteElo "1343"]
[BlackElo "1487"]
[PlyCount "127"]
[EventDate "2017.04.20"]

1. e4 c5 2. Nf3 e6 3. d4 cxd4 4. Nxd4 a6 5. Nc3 Qc7 6. Be3 Bb4 7. Qd3 Nf6 8. f3
d5 9. exd5 Nxd5 10. Bd2 Nc6 11. Nxc6 Qxc6 12. Be2 Qc5 13. Nxd5 Bxd2+ 14. Qxd2
exd5 15. O-O-O Be6 16. f4 Bf5 17. Bd3 Bxd3 18. Qxd3 O-O-O 19. Qd4 Qc4 20. Qxc4+
dxc4 21. Rd2 Rhe8 22. Rhd1 Rxd2 23. Rxd2 Re1+ 24. Rd1 Re2 25. Rd2 Re1+ 26. Rd1
Re2 27. Rd2 Re4 28. g3 f5 29. Kd1 c3 30. bxc3 Ra4 31. h3 Rxa2 32. g4 g6 33.
gxf5 gxf5 34. Rd5 Ra1+ 35. Kd2 Rh1 36. Rxf5 Rxh3 37. Rf7 b5 38. Rf8+ Kd7 39.
Rf7+ Ke6 40. Ra7 Kf5 41. Rxa6 Kxf4 42. Ra5 Rh2+ 43. Kd3 Rh5 44. Kd4 Re5 45. Ra7
h5 46. Rh7 Rg5 47. c4 bxc4 48. Kxc4 Kg3 49. Kb4 Rg4+ 50. c4 h4 51. Kb5 h3 52.
c5 Rg5 53. Kb6 h2 54. c6 Rg4 55. c7 Rb4+ 56. Ka7 Ra4+ 57. Kb7 Rb4+ 58. Ka7 Ra4+
59. Kb7 Rh4 60. Rg7+ Kf3 61. Rf7+ Rf4 62. Rh7 Rb4+ 63. Ka7 Ra4+ 64. Kb7 1/2-1/2

[Event "Ì11Ï"]
[Site "Loo"]
[Date "2017.04.22"]
[Round "3.13"]
[White "Ìàêñèí, Âëàäèìèð."]
[Black "Áàëàÿí, Ýäóàðä."]
[Result "0-1"]
[WhiteElo "1325"]
[BlackElo "1473"]
[PlyCount "106"]
[EventDate "2017.04.20"]

1. d4 d5 2. c4 e6 3. Nf3 c6 4. g3 Bd6 5. Bg2 Nd7 6. O-O f5 7. Nbd2 Ngf6 8. Qc2
O-O 9. Ne1 Qe8 10. Ndf3 Qh5 11. Nd3 Ne4 12. Nfe5 Bxe5 13. dxe5 dxc4 14. Qxc4
Nb6 15. Qc2 Nd5 16. Nf4 Nxf4 17. Bxf4 g5 18. Be3 g4 19. Qc1 h6 20. Bxh6 Rf7 21.
Bxe4 fxe4 22. Qg5+ Qxg5 23. Bxg5 b6 24. Rfd1 Bd7 25. Rd6 Rb8 26. Rad1 Rb7 27.
R1d4 Kg7 28. Rxe4 Kg6 29. Rxg4 Kf5 30. Rf4+ Kxe5 31. Rxf7 Kxd6 32. h4 Rb8 33.
Bf4+ e5 34. Bxe5+ Kxe5 35. Rxd7 a5 36. Rf7 b5 37. Rf3 c5 38. Kg2 Rd8 39. Rd3
Rg8 40. Ra3 Ra8 41. b3 Kd4 42. e3+ Kc3 43. b4+ Kxb4 44. Rb3+ Kc4 45. g4 b4 46.
g5 a4 47. Rb1 b3 48. Rc1+ Kb4 49. axb3 axb3 50. Rb1 c4 51. h5 c3 52. g6 c2 53.
Rc1 Kc3 0-1

[Event "Ì11Ï"]
[Site "Loo"]
[Date "2017.04.22"]
[Round "3.14"]
[White "Ðóäíûé, Èëüÿ."]
[Black "Íèêîëàåâ, Àðòåìèé."]
[Result "1-0"]
[WhiteElo "1465"]
[BlackElo "1324"]
[PlyCount "101"]
[EventDate "2017.04.20"]

1. d4 d5 2. c4 c6 3. cxd5 cxd5 4. Nc3 Nf6 5. Nf3 Nc6 6. Bf4 a6 7. Qc2 Bg4 8. e3
Bxf3 9. gxf3 e6 10. a3 Bd6 11. Bg3 O-O 12. Bd3 h6 13. Rg1 Rc8 14. Ke2 b5 15.
Qd2 b4 16. axb4 Nxb4 17. Bxa6 Rb8 18. Bb5 Bxg3 19. fxg3 Qc7 20. Rgc1 Qd6 21.
Ra4 Ra8 22. Rca1 Rxa4 23. Rxa4 Nc6 24. Ra6 Rc8 25. Qd1 Qb4 26. Rxc6 Rxc6 27.
Bxc6 Qc4+ 28. Qd3 Qxc6 29. Qb5 Qc4+ 30. Qxc4 dxc4 31. e4 Nd7 32. Na4 e5 33. Nc5
Nxc5 34. dxc5 Kf8 35. Kd2 Ke7 36. Kc3 Kd7 37. Kxc4 Kc6 38. b4 g5 39. b5+ Kc7
40. g4 Kb7 41. Kd5 Kc7 42. b6+ Kb7 43. Kd6 h5 44. h3 h4 45. Kd7 f5 46. exf5 e4
47. fxe4 Ka8 48. c6 Kb8 49. f6 Ka8 50. f7 Kb8 51. f8=Q# 1-0

[Event "Ì11Ï"]
[Site "Loo"]
[Date "2017.04.22"]
[Round "3.15"]
[White "Øèíêàðîâ, Àðòåì."]
[Black "Ãàáðóê, Èâàí."]
[Result "1-0"]
[WhiteElo "1451"]
[BlackElo "1297"]
[PlyCount "79"]
[EventDate "2017.04.20"]

1. d4 d5 2. c4 e6 3. Nc3 Nf6 4. cxd5 Nxd5 5. e4 Nxc3 6. bxc3 Be7 7. Be3 Nd7 8.
Bd3 b6 9. Ne2 Bb7 10. O-O O-O 11. Qc2 Kh8 12. Rae1 Rc8 13. Qd2 c5 14. Ng3 cxd4
15. cxd4 a5 16. Qe2 Ra8 17. f4 Nb8 18. f5 exf5 19. Nxf5 Bb4 20. Rd1 Ba6 21. Qg4
Rg8 22. Rf3 Bc8 23. Qf4 Bxf5 24. Qxf5 f6 25. e5 g6 26. Qxf6+ Qxf6 27. Rxf6 Nd7
28. Rf3 Rge8 29. Bb5 Rad8 30. Rdf1 Rf8 31. Bg5 Rxf3 32. Rxf3 Nxe5 33. dxe5 Rd5
34. Bf6+ Kg8 35. Bc4 Bc5+ 36. Kf1 Kf7 37. Bxd5+ Ke8 38. Bc6+ Kf7 39. g4 Ke6 40.
Rd3 1-0

[Event "Ì11Ï"]
[Site "Loo"]
[Date "2017.04.22"]
[Round "3.16"]
[White "Ãàãàðèíîâ, Àíäðåé."]
[Black "Ðàæáàäèíîâ, Ðàñóë."]
[Result "0-1"]
[WhiteElo "1297"]
[BlackElo "1442"]
[PlyCount "38"]
[EventDate "2017.04.20"]

1. e4 e5 2. Nf3 Nc6 3. Bc4 Bc5 4. c3 Nf6 5. d4 exd4 6. cxd4 Bb4+ 7. Bd2 Bxd2+
8. Nbxd2 d5 9. exd5 Nxd5 10. Qb3 Nce7 11. O-O O-O 12. Ne4 c6 13. Ne5 Qb6 14.
Qxb6 axb6 15. Nc3 Nxc3 16. bxc3 g6 17. Bb3 Kg7 18. Nc4 b5 19. Rfe1 bxc4 0-1

[Event "Ì11Ï"]
[Site "Loo"]
[Date "2017.04.22"]
[Round "3.17"]
[White "Ñåðåáðÿêîâ, Ñàââà."]
[Black "Èñàéêèí, Âàëåðèé."]
[Result "1-0"]
[WhiteElo "1432"]
[BlackElo "1297"]
[PlyCount "131"]
[EventDate "2017.04.20"]

1. c4 c5 2. Nc3 Nc6 3. Nf3 Nf6 4. e3 e6 5. d4 b6 6. a3 Bb7 7. Qc2 d5 8. b3 Bd6
9. Bb2 O-O 10. Be2 Qc7 11. Ng5 h6 12. cxd5 hxg5 13. dxc6 Bxc6 14. Nb5 Qd7 15.
Nxd6 Qxd6 16. dxc5 Qxc5 17. Qxc5 bxc5 18. O-O Rab8 19. Bc4 Bd5 20. Bxf6 gxf6
21. Bxd5 exd5 22. Rab1 Kg7 23. g3 c4 24. bxc4 dxc4 25. Rxb8 Rxb8 26. Rc1 Rc8
27. Kf1 Kg6 28. Ke2 Kf5 29. f3 g4 30. e4+ Kg5 31. f4+ Kg6 32. Ke3 f5 33. e5 f6
34. Rc3 Kf7 35. Kd4 fxe5+ 36. Kxe5 Kg6 37. Kd4 Rd8+ 38. Kxc4 Rd2 39. Kb3 Rxh2
40. Rc6+ Kf7 41. Rc7+ Kf6 42. Kb4 Rf2 43. Rxa7 Rf3 44. a4 Rxg3 45. a5 Rf3 46.
Ra6+ Ke7 47. Ra7+ Ke6 48. Ra6+ Kf7 49. Ra7+ Kg6 50. a6 Rxf4+ 51. Kb5 Rf1 52.
Ra8 Rb1+ 53. Kc6 Rc1+ 54. Kb5 Kg5 55. a7 Kf4 56. Rd8 Ra1 57. Rd4+ Ke3 58. Ra4
Rb1+ 59. Ka6 f4 60. a8=Q g3 61. Qe4+ Kf2 62. Qxb1 Kf3 63. Qf1+ Kg4 64. Qxf4+
Kh3 65. Ra2 g2 66. Ra3# 1-0

[Event "Ì11Ï"]
[Site "Loo"]
[Date "2017.04.22"]
[Round "3.18"]
[White "Ñèìàêîâ, Âàäèì."]
[Black "Ìèõàéëåíêî, Íèêèòà."]
[Result "0-1"]
[WhiteElo "1296"]
[BlackElo "1428"]
[PlyCount "98"]
[EventDate "2017.04.20"]

1. e4 e5 2. Nf3 Nc6 3. Bb5 Nf6 4. d4 exd4 5. e5 Nd5 6. c4 Nb6 7. c5 Bxc5 8. O-O
O-O 9. Bg5 Be7 10. Bxe7 Qxe7 11. Bxc6 dxc6 12. Qxd4 Bf5 13. Nc3 Rad8 14. Qf4
Be6 15. Rad1 Nd5 16. Nxd5 Rxd5 17. Rxd5 Bxd5 18. Re1 Bxa2 19. Ra1 Rd8 20. Nd4
Qd7 21. Rxa2 Qxd4 22. Qxd4 Rxd4 23. f3 a6 24. Kf2 Rd2+ 25. Kg3 c5 26. Ra5 Rxb2
27. Rxc5 c6 28. f4 Rb5 29. Rc4 a5 30. Rd4 Rd5 31. Ra4 b6 32. Kg4 c5 33. h4 Rd4
34. Ra2 a4 35. Kf5 b5 36. g4 g6+ 37. Kg5 Kg7 38. h5 h6+ 39. Kh4 Rxf4 40. hxg6
Kxg6 41. Rc2 Rc4 42. Rf2 a3 43. Rf6+ Kg7 44. Kh5 a2 45. Ra6 Ra4 46. Rxh6 a1=Q
47. e6 Qh1+ 48. Kg5 Qxh6+ 49. Kf5 Qf4# 0-1

[Event "Ì11Ï"]
[Site "Loo"]
[Date "2017.04.22"]
[Round "3.19"]
[White "Åôèìîâ, Ëåîíèä."]
[Black "Âàõòèí, Ïåòð."]
[Result "1-0"]
[WhiteElo "1287"]
[BlackElo "1428"]
[PlyCount "101"]
[EventDate "2017.04.20"]

1. d4 d5 2. Nf3 Nf6 3. Bf4 e6 4. e3 c5 5. Nbd2 Nc6 6. c3 Bd6 7. dxc5 Bxc5 8.
Bd3 h6 9. O-O Bd6 10. Bxd6 Qxd6 11. e4 Qc7 12. Re1 O-O 13. c4 Nb4 14. Bf1 Rd8
15. cxd5 exd5 16. Rc1 Qb6 17. exd5 Rxd5 18. Qb3 Be6 19. Bc4 Rd3 20. Rxe6 Rxf3
21. Rxb6 Rxb3 22. Rxf6 Rxb2 23. Rxf7 Nd5 24. Rd7 Rxd2 25. Rxd5 Rxd5 26. Bxd5+
Kh7 27. Be4+ Kg8 28. Bxb7 Rf8 29. Rc8 Rxc8 30. Bxc8 Kf7 31. f4 Ke7 32. Kf2 Kf6
33. Ke3 a5 34. g4 Ke7 35. Ke4 Kd6 36. Kf5 Ke7 37. Kg6 Kf8 38. Be6 a4 39. a3 Ke7
40. Kxg7 Kxe6 41. f5+ Ke7 42. f6+ Kd6 43. f7 Ke5 44. f8=Q Kd4 45. Qb4+ Ke5 46.
Qd2 Ke6 47. Qd4 Ke7 48. Qd5 Ke8 49. Qd6 h5 50. Kf6 h4 51. Qe7# 1-0

[Event "Ì11Ï"]
[Site "Loo"]
[Date "2017.04.22"]
[Round "3.20"]
[White "Äîâáíÿ, Íèêèòà."]
[Black "Çàêèðîâ, Òèìóð."]
[Result "1-0"]
[WhiteElo "1408"]
[BlackElo "1253"]
[PlyCount "87"]
[EventDate "2017.04.20"]

1. e4 c5 2. Nf3 d6 3. d4 cxd4 4. Nxd4 Nf6 5. Nc3 g6 6. Be3 Bg7 7. f3 O-O 8. Qd2
Nc6 9. O-O-O Bd7 10. Kb1 Rc8 11. h4 h5 12. Nd5 Nxd5 13. exd5 Ne5 14. Bh6 Qb6
15. Bxg7 Kxg7 16. Be2 Nc4 17. Bxc4 Rxc4 18. c3 Rfc8 19. Rde1 Re8 20. g4 hxg4
21. h5 Rh8 22. hxg6 Rxh1 23. Rxh1 fxg6 24. Qh6+ Kf7 25. Qh7+ Kf6 26. Qh8+ Kg5
27. f4+ Kxf4 28. Qh6+ Ke5 29. Qg5+ Bf5+ 30. Nxf5 gxf5 31. Qxe7+ Kxd5 32. Rd1+
Kc5 33. Qe6 Kb5 34. a4+ Rxa4 35. Qb3+ Ka5 36. Rd5+ Qc5 37. Rxc5+ dxc5 38. Qd5
b6 39. Qxf5 Kb5 40. b3 Ra3 41. Kb2 Ra5 42. Qd7+ Ka6 43. c4 g3 44. Qc8# 1-0

[Event "Ì11Ï"]
[Site "Loo"]
[Date "2017.04.22"]
[Round "3.22"]
[White "Ïóãà÷, Ãëåá."]
[Black "ßò÷åíêî, Ëåîíèä."]
[Result "0-1"]
[WhiteElo "1403"]
[BlackElo "1233"]
[PlyCount "64"]
[EventDate "2017.04.20"]

1. e4 c5 2. Nf3 e6 3. d4 cxd4 4. Nxd4 a6 5. Bd3 Qc7 6. O-O Nf6 7. c4 Be7 8. Nc3
O-O 9. a3 b6 10. b4 Bb7 11. Bb2 d6 12. f4 Nbd7 13. Qe2 Rac8 14. Rae1 Rfd8 15.
Nf3 Ne8 16. e5 h6 17. exd6 Bxd6 18. Ne5 Nxe5 19. fxe5 Bxe5 20. Bb1 Bxh2+ 21.
Kh1 Bg3 22. Qc2 Qxc4 23. Qh7+ Kf8 24. Ne4 Qd5 25. Qh8+ Ke7 26. Rxf7+ Kxf7 27.
Rf1+ Ke7 28. Qf8+ Kd7 29. Qf7+ Kc6 30. Rc1+ Kb5 31. Qf1+ Ka4 32. Nc3+ Rxc3 0-1

[Event "Ì11Ï"]
[Site "Loo"]
[Date "2017.04.22"]
[Round "3.23"]
[White "Êî÷åòîâ, Âÿ÷åñëàâ."]
[Black "Óðóñîâ, Ãåðìàí."]
[Result "1-0"]
[WhiteElo "1561"]
[BlackElo "1339"]
[PlyCount "77"]
[EventDate "2017.04.20"]

1. e4 c5 2. Nf3 e6 3. g3 Qc7 4. Bg2 Nf6 5. Qe2 d6 6. O-O Be7 7. d4 cxd4 8. Nxd4
a6 9. Be3 b5 10. e5 Nd5 11. Bxd5 exd5 12. exd6 Qxd6 13. Bf4 Qf6 14. Re1 Bb7 15.
Be5 Qg5 16. f4 Qg6 17. Bxg7 Qd6 18. Bxh8 Kf8 19. Nf5 Qb6+ 20. Bd4 Qe6 21. Qxe6
fxe6 22. Nxe7 Kxe7 23. f5 Bc8 24. fxe6 Bxe6 25. Nc3 Nc6 26. Bc5+ Kd7 27. Rad1
d4 28. Bxd4 Nxd4 29. Rxd4+ Ke7 30. Rde4 Re8 31. Rxe6+ Kd7 32. Rxe8 Kc6 33.
R1e6+ Kc5 34. Ne4+ Kb4 35. Ra8 Ka5 36. Nd6 h5 37. Re4 b4 38. Re5+ Ka4 39. Rxa6#
1-0

[Event "Ì11Ï"]
[Site "Loo"]
[Date "2017.04.22"]
[Round "3.24"]
[White "Ðû÷èõèí, Âëàäèñëàâ."]
[Black "Æãèëåâ, Èâàí."]
[Result "1-0"]
[WhiteElo "1491"]
[BlackElo "1359"]
[PlyCount "101"]
[EventDate "2017.04.20"]

1. d4 d5 2. Nf3 Nf6 3. c4 c6 4. Nc3 e6 5. e3 Nbd7 6. cxd5 exd5 7. Bd3 Bd6 8.
O-O O-O 9. Bd2 Qc7 10. Rc1 Nb6 11. Nb5 Qd7 12. Nxd6 Qxd6 13. a3 Re8 14. Bb4 Qb8
15. h3 Ne4 16. Nd2 f5 17. Nxe4 fxe4 18. Be2 a5 19. Bd2 Rf8 20. b4 axb4 21. axb4
Bd7 22. Qb3 Nc8 23. b5 Nd6 24. Bb4 Rc8 25. Rc2 cxb5 26. Qxd5+ Nf7 27. Rxc8+
Qxc8 28. Qxe4 Bc6 29. d5 Bd7 30. h4 Ra4 31. Bd1 Ra8 32. Bc2 g6 33. Bb3 Bf5 34.
Qd4 Qd7 35. Bc3 Nd6 36. Qh8+ Kf7 37. Qxh7+ Ke8 38. Qg8+ Ke7 39. Qxa8 Bd3 40.
Re1 Be4 41. Bd1 Qc7 42. Qh8 Qb6 43. Qg7+ Kd8 44. Bf6+ Kc8 45. Qf8+ Ne8 46.
Qxe8+ Kc7 47. Bd8+ Kd6 48. Bxb6 Bxd5 49. e4 Bc6 50. Qd8+ Ke5 51. Bc7+ 1-0